Teorie systémů [řízení komplexů]

Podrobná bibliografia
Hlavný autor: Beneš, Jiří, 1921- (Autor)
Médium: Kniha
Jazyk:čeština
Fyzický popis:196 s. 8°
Vydavateľské údaje: Praha Academia 1974

MARC

LEADER 00000nam a2200000 a 4500
001 vtls001264967
003 SK-MaSNL
005 20260301113050.0
008 240315s1974 xr 0 cze
035 |a SNK000215892 
040 |a SNK  |b slo  |c SNK  |e AACR2 
044 |a xr  |c CZ 
100 1 |a Beneš, Jiří,  |d 1921-  |4 aut  |9 381682 
245 1 |a Teorie systémů  |b [řízení komplexů]  |c Jiří Beneš 
260 |a Praha  |b Academia  |c 1974 
300 |a 196 s.  |c 8° 
958 |a OND 
999 |c 712549  |d 714479 
952 |t P60, <04>, [BOOK], {604}  |a SNK  |b SNK  |y VYP  |7 0  |p 17A0469234  |o snkIC 57740  |i snkKIP 5563/74  |0 0  |1 0  |4 0  |d 1996-11-04  |l 0  |r 2005-01-01 00:00:00  |w 2026-02-23 
952 |t P60, <04>, [BOOK], {604}  |a SNK  |b SNK  |y VYP  |7 0  |p 17A0327748  |o snkIC 57740 D1  |i snkKIP 5564/74  |0 0  |1 1  |4 0  |d 1996-11-04  |l 0  |r 2005-01-01 00:00:00  |w 2026-02-23